000 00561nam0a2200205 4500
001 31166
010 _a9726951216
021 _aPT
_b41457/90
090 _a31166
100 _a20100907d1990 a 0pory5003 ba
101 _apor
102 _aPT
200 1 _aA Gata Tareca e Outros Poemas Levados da Breca
_fLuísa Ducla Soares
_gil. José Pedro Bessa
210 _aLisboa
_cTeorema
_d1990
215 _a56, [8] p.
_d19 cm
675 _a087.5
_vBNL
_zpor
700 1 _aSoares
_bLuísa Ducla
702 1 _aBessa
_bJosé Pedro
_4440
801 _aPT
_gRPC
990 _cLIVROS